02485cam a22004694i 4500003000900000005001700009008004100026035002000067040003300087099002000120100003900140245018200179264001000361300002100371336002100392337002500413338002300438502005900461504002400520520090500544526001001449526001001459526000901469526000901478526000901487526000901496526000901505526000901514526000901523526000801532526000801540526000801548526000801556526000801564650004501572700004301617596000601660942001501666999011101681980005501792952016801847PE-LiUPU20250731165438.0160527s2016 pe a grm 000 0 spa d a(Sirsi) a156920 aPE-LiUPUbspacPE-LiUPUerda aTPS 2bC34 20161 aCastillo Arteaga, Nataly Elizabeth1 aInteligencia emocional y estrés en cadetes de los últimos años con régimen acuartelado de una institución de nivel superior, 2015 /cNataly Elizabeth Castillo Arteaga. 0c2016. a88 hojas c30 cm atext2rdacontent aunmediated2rdamedia avolume2rdacarrier aTesisb(Lic.) -- cUniversidad Peruana Unión,d2016. aIncluye referencias3 aLa presente investigación tuvo como objetivo determinarla relación entre inteligencia emocional y estrés en cadetes de los últimos años con régimen acuartelado de una institución de nivel superior. La muestra estuvo conformado por 200 cadetes. Los instrumentos empleados fue el EQ-1 Bar-On Emotional Quotient Inventory (ICE - Bar-ON) adaptado a Perú por Nelly Ugarriza (2001) y la Escala de Apreciación al Estrés General (EAE - G). En los resultados se encontró que no existe relación significativa (rho=0.041; p=0.57) entre inteligencia emocional y estrés en cadetes. Se concluye que tener una adecuada inteligencia emocional no garantiza que se deje de experimentar estés, ya que existen otros factores que pueden activarlo (carga académica, exámenes, enfermedades físicas, entre otros). Entonces la inteligencia emocional es un proceso independiente del estrés. aSEG44 aSEG26 aP151 aP150 aP149 aP146 aP145 aP126 aP125 aP92 aP75 aP74 aP27 aP1504aEstréslxInteligencia emocionalvTesis1 aRodriguez Villegas, Leonor Rutheautor a1 2ddccTESIS aTPS 2 C34 2016wALPHANUMc9582iT01955lCCODEBUL3mBULr1sYtTESISu2016-5-27xSALUDo.STAFF. Tesisd9582 81gALBERTO SANCHEZ Responsable de Automatización r2022-07-06 00:00:00l0oTPS 2 C34 2016pT01955te1w2016-05-27yTESISzEste Ítem NO se presta por ser Ejemplar #1.102ddc718TESISaBULbBULcTESISd2016-05-27